000 01722cas a2200445 a 4500
001 data
005 20260322212113.0
006 data
007 data
008 data
035 _a14081998
906 _a7
_bcbc
_cserials
_d2
_encip
_f20
_gn-oclcserc
925 0 _aAcquire
_b1 shelf copy
_xpolicy default 2005-08-18
010 _a 2005201950
035 _a(OCoLC)61308934
040 _aDLC
_beng
_cDLC
_dOCLCQ
_dOCLCQ
_dCUS
_dOCLCQ
_dOCLCF
_dOCLCO
_dOCLCQ
042 _apcc
050 0 0 _aHB1
130 0 _aStaff working paper (World Trade Organization. Economic Research and Statistics Division : Online)
245 1 0 _aStaff working paper.
246 1 _iTitle from series web page:
_aWTO staff working papers
246 1 _iTitle from series web page:
_aWorking papers
260 _aGenéve, Switzerland :
_bEconomic Research and Statistics Division, World Trade Organization
310 _aIrregular
336 _atext
_btxt
_2rdacontent
337 _acomputer
_bc
_2rdamedia
338 _aonline resource
_bcr
_2rdacarrier
362 1 _aBegan in 2003?
538 _aMode of access: World Wide Web.
588 _aDescription based on: ERSD-2003-01 (Aug. 2003); title from p. 1 of pdf file.
588 _aLatest issue consulted: ERSD-2005-03 (July 2005).
650 0 _aEconomics.
650 0 _aEconomics
_xResearch.
650 7 _aEconomics.
_2fast
_0(OCoLC)fst00902116
650 7 _aEconomics
_xResearch.
_2fast
_0(OCoLC)fst00902203
710 2 _aWorld Trade Organization.
_bEconomic Research and Statistics Division.
859 4 0 _zView abstracts and full-text copies at the publisher's web site
_uhttp://www.wto.org/english/res_e/reser_e/wpaps_e.htm
999 _c1695
_d1695